LEADER 02396nam0 2200577 i 450 001 VAN0057413 005 20240207031202.201 010 $a978-35-403-0994-9 100 $a20070130d2006 |0itac50 ba 101 $aeng 102 $aDE 105 $a|||| ||||| 200 1 $aIn memoriam Paul-André Meyer$eSéminaire de Probabilités XXXIX$fMichel Emery, Marc Yor (eds.) 210 $aBerlin$cSpringer$d2006 215 $aVIII, 417 p.$d24 cm 300 $aPubblicazione disponibile anche in formato elettronico 461 1$1001VAN0102250$12001 $aLecture notes in mathematics$1210 $aBerlin [etc.]$cSpringer$v1874 500 1$3VAN0234522$aIn memoriam Paul-André Meyer : Séminaire de Probabilités XXXIX$9230565 606 $a60Hxx$xStochastic analysis [MSC 2020]$3VANC019765$2MF 606 $a60Jxx$xMarkov processes [MSC 2020]$3VANC019842$2MF 606 $a60Gxx$xStochastic processes [MSC 2020]$3VANC020000$2MF 606 $a91Gxx$xActuarial science and mathematical finance [MSC 2020]$3VANC020093$2MF 610 $aBrownian Motions$9KW:K 610 $aBrownian bridge$9KW:K 610 $aCalculus$9KW:K 610 $aDiffusion Processes$9KW:K 610 $aDirichlet process$9KW:K 610 $aFiltration$9KW:K 610 $aLocal martingale$9KW:K 610 $aLévy processes$9KW:K 610 $aMartingales$9KW:K 610 $aMathematical Finance$9KW:K 610 $aOrnstein-Uhlenbeck process$9KW:K 610 $aQuantitative Finance$9KW:K 610 $aSemimartingales$9KW:K 610 $aSets$9KW:K 610 $aStochastic Calculus$9KW:K 620 $dBerlin$3VANL000066 702 1$aÉmery$bMichel$3VANV040931 702 1$aMeyer$bPaul-André$3VANV039684 702 1$aYor$bMarc$3VANV037713 712 12$aSéminaire de probabilités$f39.$3VANV045465 712 $aSpringer $3VANV108073$4650 790 1$aMeyer, Paul-Andre$zMeyer, Paul-André$3VANV089775 801 $aIT$bSOL$c20240614$gRICA 856 4 $uhttps://doi.org/10.1007/b128398$zhttps://doi.org/10.1007/b128398 899 $aBIBLIOTECA DEL DIPARTIMENTO DI MATEMATICA E FISICA$1IT-CE0120$2VAN08 912 $aVAN0057413 950 $aBIBLIOTECA DEL DIPARTIMENTO DI MATEMATICA E FISICA$d08PREST 60-XX 3994 $e08 7651 V 20070130 996 $aIn memoriam Paul-Andre Meyer$9230565 997 $aUNICAMPANIA LEADER 02520nam0 22005413i 450 001 VAN0189645 005 20230613092135.839 017 70$2N$a9783319632247 100 $a20210721d2017 |0itac50 ba 101 $aeng 102 $aCH 105 $a|||| ||||| 200 1 $aLow-Angle Polarized Neutron and X-Ray Scattering from Magnetic Nanolayers and Nanostructures$fAmitesh Paul 210 $aCham$cSpringer$d2017 215 $axi, 143 p.$cill.$d24 cm 410 1$1001VAN0132795$12001 $aSpringer Tracts in Modern Physics$1210 $aBerlin [etc.]$cSpringer$v273 500 1$3VAN0189653$aLow-Angle Polarized Neutron and X-Ray Scattering from Magnetic Nanolayers and Nanostructures$91831917 606 $a78A45$xDiffraction, scattering [MSC 2020]$3VANC022471$2MF 606 $a00A79 (77-XX)$xPhysics [MSC 2020]$3VANC023182$2MF 606 $a74K35$xThin films [MSC 2020]$3VANC033952$2MF 606 $a74A50$xStructured surfaces and interfaces, coexistent phases [MSC 2020]$3VANC036162$2MF 610 $aExchange bias$9KW:K 610 $aGrazing incidence small angle X-ray scattering$9KW:K 610 $aHybrid heterostructures$9KW:K 610 $aInterlayer exchange coupling$9KW:K 610 $aLow-angle polarized neutron scattering$9KW:K 610 $aLow-dimensional systems$9KW:K 610 $aMagnetic nanostructures$9KW:K 610 $aMagnetic properties interfaces$9KW:K 610 $aMagnetization reversal mechanism$9KW:K 610 $aNeutron reflectometry$9KW:K 610 $aOff-specular scattering$9KW:K 610 $aOxide heterostructures$9KW:K 610 $aScattering experiments$9KW:K 610 $aScattering techniques$9KW:K 610 $aSelf-assembled growth$9KW:K 610 $aSpecular scattering$9KW:K 620 $aCH$dCham$3VANL001889 700 1$aPaul$bAmitesh$3VANV168741$0823059 712 $aSpringer $3VANV108073$4650 801 $aIT$bSOL$c20240614$gRICA 856 4 $uhttp://doi.org/10.1007/978-3-319-63224-7$zE-book ? Accesso al full-text attraverso riconoscimento IP di Ateneo, proxy e/o Shibboleth 899 $aBIBLIOTECA DEL DIPARTIMENTO DI MATEMATICA E FISICA$1IT-CE0120$2VAN08 912 $fN 912 $aVAN0189645 950 $aBIBLIOTECA DEL DIPARTIMENTO DI MATEMATICA E FISICA$d08CONS e-book 3176 $e08eMF3176 20210721 996 $aLow-Angle Polarized Neutron and X-Ray Scattering from Magnetic Nanolayers and Nanostructures$91831917 997 $aUNICAMPANIA